00602nam a2200133Ia 4500001000400000008004100004082003500045100006500080245024500145260002800390590000700418901002800425999001500453912241024s9999 xx 000 0 und d aRD/372.97293/R426e/IDESARROLLO aRepública Dominicana.Secretaría de Estado de Educación 0aEvaluación medio término componente fondo para el desarrollo de innovaciones educativas del Proyecto Fortalecimiento de Educación Inicial Informe Final Versión preliminar presentación Equipo OCI-UTO Dra. Tirsis Quezada IDESARROLLO bOCI-Banco Mundialc2007 asi a9/12/2010 10:24:47 a.m. c8632d8632